| 000 | 00000nam##2200000za#4500 |
| 001 | 9.642312 |
| 003 | CaOODSP |
| 005 | 20210624223635 |
| 007 | cr ||||||||||| |
| 008 | 150407|2000||||xxc|||||o f|0| 0 fre|d |
| 040 | |aCaOODSP|bfre |
| 043 | |an-cn--- |
| 086 | 1 |aRH4-3/2000-1F-PDF |
| 110 | 1 |aCanada.|bDéveloppement des ressources humaines Canada. |
| 245 | 10|aDes horizons plus vastes |h[ressource électronique] |
| 260 | |aOttawa - Ontario : |bDéveloppement des ressources humaines Canada |c[2000]. |
| 300 | |a1p. |
| 500 | |aAffiche pour accompagner la brochure : « Des horizons plus vastes : la Prestation nationale pour enfants ». |
| 590 | |a13-18-Supp|b2013-08-01 |
| 691 | 07|aPauvreté dans l'enfance|2gcpds |
| 691 | 07|aSécurité du revenu|2gcpds |
| 691 | 07|aCrédit d'impôt|2gcpds |
| 775 | 08|tSeeing the possibilities |w(CaOODSP)9.698300 |
| 856 | 40|ahttp://publications.gc.ca|qPDF|s604 Ko|uhttps://publications.gc.ca/collections/Collection/RH4-3-2000F.pdf |
| 986 | |aSC-139-07-00F |